Nome de Líderes (MysticClan Chronicles RP) - Statistics

Estatísticas Gerais
  • Esse quiz foi jogado 7 vezes
  • A pontuação média é 4 de 20
Estatísticas das Respostas
Imagem Resposta % Correto
Herz Rano
100%
Erkys Galeborne III
67%
Azuma Konjo
33%
Hon Mazo
33%
Hono Mizuki
33%
Kanjiro Tumuki
33%
Kazumochy Toichi
33%
Kenji Matsuro
33%
Ren Yamamoto
33%
Rito Kenshi
33%
Akira Moya
0%
Hanko Toyamoto
0%
Haruki Tanabe
0%
Kano Matsuki
0%
Kazan Yuno
0%
Nesun Kazo
0%
Seyor Stan
0%
Suno Kanshi
0%
Suzuki Kaza
0%
Takashi Keno
0%
Nenhum quiz correspondente encontrado
Distribuição das Pontuações
Porcentagem de Pessoas com Cada Pontuação
Percentil de Números Respondidos
Sua Pontuação Histórica
Você não jogou esse quiz